000
00294nam a22001337a 4500
008
181217b xxu||||| |||| 00| 0 eng d
020
_a
9781308523835
041
_a
eng
080
_a
336.2
100
_a
55
101
_a
TAK
245
_a
Taxation Of Individuals
_c
Smith.E
942
_2
udc
_c
BK
999
_c
53263
_d
53263